League of Legends Champions 2009 - Statistics

General Stats
  • This quiz has been taken 21 times
  • The average score is 25 of 42
Answer Stats
Champion % Correct
Anivia
90%
Annie
86%
Ashe
86%
Alistar
81%
Amumu
81%
Ryze
81%
Teemo
81%
Tristana
76%
Warwick
71%
Cho'Gath
67%
Corki
67%
Master Yi
67%
Zilean
67%
Fiddlesticks
62%
Malphite
62%
Blitzcrank
57%
Karthus
57%
Katarina
57%
Kayle
57%
Morgana
57%
Rammus
57%
Tryndamere
57%
Evelynn
52%
Gangplank
52%
Janna
52%
Jax
52%
Shaco
52%
Singed
52%
Veigar
52%
Heimerdinger
48%
Nidalee
48%
Sion
48%
Soraka
48%
Twisted Fate
48%
Udyr
48%
Dr. Mundo
43%
Nasus
43%
Nunu
43%
Sivir
43%
Taric
43%
Kassadin
38%
Twitch
38%
No matching quizzes found
Score Distribution
Percent of People with Each Score
Percentile by Number Answered
Your Score History
You have not taken this quiz